000 01098nam a22002177a 4500
003 OSt
005 20181204105659.0
008 180313b xxu||||| |||| 00| 0 spa d
020 _a8425909678
040 _cPJ
100 _9159
_aAñón Roig, María José
245 1 0 _aNecesidades y derechos :
_bun ensayo de fundamentación /
_cMaría José Añón Roig.
260 _aMadrid :
_bCentro de Estudios Constitucionales,
_c1994.
300 _a350 p.
_c21 cm.
490 _aEl derecho y la Justicia
_v39
500 _aCitas y notas bibliográficas a pie de página.
504 _aBibliografía: p. 323-344.
505 _aContenido: Primera parte: Aproximación al concepto de necesidades básicas -- I. Las necesidades como categoría ontológico-social -- II. Necesidades y teorías de la motivación -- III. Necesidades daño y privación -- Segunda parte: Sobre el carácter normativo de las necesidades --IV. Necesidades básicas y orden normativo -- V. Fundamentos de derechos y necesidades básicas .
650 _aFILOSOFIA DEL DERECHO
_9177
942 _2udc
_cLIB
_h340.12
_iAÑO
999 _c158
_d158